| 000 | 00416nam a22001577a 4500 | ||
|---|---|---|---|
| 020 | _a9780071072663 | ||
| 082 | _a621.3827 GHA | ||
| 100 | _aGhatak, Ajoy | ||
| 245 | _aProblems and solutions in Optics and Photonics | ||
| 260 |
_aNew Delhi, India _bMcGraw Hill _c2011 |
||
| 300 |
_axiii, 340 p. _bill. ; |
||
| 500 | _aIncludes index. | ||
| 650 | _a1. Optics 2. Photonics | ||
| 700 | _aThyagarajan, K. | ||
| 942 | _cBK | ||
| 999 |
_c12402 _d12402 |
||